<?xml version="1.0" encoding="UTF-8"?>
<record
    xmlns:xsi="http://www.w3.org/2001/XMLSchema-instance"
    xsi:schemaLocation="http://www.loc.gov/MARC21/slim http://www.loc.gov/standards/marcxml/schema/MARC21slim.xsd"
    xmlns="http://www.loc.gov/MARC21/slim">

  <leader>01010nam a22002057a 4500</leader>
  <datafield tag="952" ind1=" " ind2=" ">
    <subfield code="0">0</subfield>
    <subfield code="1">0</subfield>
    <subfield code="2">lcc</subfield>
    <subfield code="4">0</subfield>
    <subfield code="7">0</subfield>
    <subfield code="a">20</subfield>
    <subfield code="b">20</subfield>
    <subfield code="d">2018-04-17</subfield>
    <subfield code="l">0</subfield>
    <subfield code="o">KGF5404 P76</subfield>
    <subfield code="p">20 003828</subfield>
    <subfield code="r">2018-04-17</subfield>
    <subfield code="t">1</subfield>
    <subfield code="w">2018-04-17</subfield>
    <subfield code="y">LB</subfield>
  </datafield>
  <datafield tag="952" ind1=" " ind2=" ">
    <subfield code="0">0</subfield>
    <subfield code="1">0</subfield>
    <subfield code="2">lcc</subfield>
    <subfield code="4">0</subfield>
    <subfield code="7">0</subfield>
    <subfield code="a">20</subfield>
    <subfield code="b">20</subfield>
    <subfield code="d">2018-04-17</subfield>
    <subfield code="l">0</subfield>
    <subfield code="o">KGF5404 P76</subfield>
    <subfield code="p">20 003830</subfield>
    <subfield code="r">2018-04-17</subfield>
    <subfield code="t">2</subfield>
    <subfield code="w">2018-04-17</subfield>
    <subfield code="y">LB</subfield>
  </datafield>
  <datafield tag="952" ind1=" " ind2=" ">
    <subfield code="0">0</subfield>
    <subfield code="1">0</subfield>
    <subfield code="2">lcc</subfield>
    <subfield code="4">0</subfield>
    <subfield code="7">0</subfield>
    <subfield code="a">20</subfield>
    <subfield code="b">20</subfield>
    <subfield code="d">2018-04-17</subfield>
    <subfield code="l">0</subfield>
    <subfield code="o">KGF5404 P76</subfield>
    <subfield code="p">20 003832</subfield>
    <subfield code="r">2018-04-17</subfield>
    <subfield code="t">3</subfield>
    <subfield code="w">2018-04-17</subfield>
    <subfield code="y">LB</subfield>
  </datafield>
  <datafield tag="952" ind1=" " ind2=" ">
    <subfield code="0">0</subfield>
    <subfield code="1">0</subfield>
    <subfield code="2">lcc</subfield>
    <subfield code="4">0</subfield>
    <subfield code="7">0</subfield>
    <subfield code="a">20</subfield>
    <subfield code="b">20</subfield>
    <subfield code="d">2018-04-17</subfield>
    <subfield code="l">0</subfield>
    <subfield code="o">KGF5404 P76</subfield>
    <subfield code="p">20 003834</subfield>
    <subfield code="r">2018-04-17</subfield>
    <subfield code="t">4</subfield>
    <subfield code="w">2018-04-17</subfield>
    <subfield code="y">LB</subfield>
  </datafield>
  <datafield tag="952" ind1=" " ind2=" ">
    <subfield code="0">0</subfield>
    <subfield code="1">0</subfield>
    <subfield code="2">lcc</subfield>
    <subfield code="4">0</subfield>
    <subfield code="7">0</subfield>
    <subfield code="a">20</subfield>
    <subfield code="b">20</subfield>
    <subfield code="d">2018-04-17</subfield>
    <subfield code="l">0</subfield>
    <subfield code="o">KGF5404 P76</subfield>
    <subfield code="p">20 003836</subfield>
    <subfield code="r">2018-04-17</subfield>
    <subfield code="t">5</subfield>
    <subfield code="w">2018-04-17</subfield>
    <subfield code="y">LB</subfield>
  </datafield>
  <datafield tag="999" ind1=" " ind2=" ">
    <subfield code="c">102919</subfield>
    <subfield code="d">102919</subfield>
  </datafield>
  <controlfield tag="008">180417b        xxu||||| |||| 00| 0 spa d</controlfield>
  <datafield tag="020" ind1=" " ind2=" ">
    <subfield code="a">9786074647501</subfield>
  </datafield>
  <datafield tag="050" ind1=" " ind2=" ">
    <subfield code="a">KGF5404</subfield>
    <subfield code="b">P76</subfield>
  </datafield>
  <datafield tag="245" ind1=" " ind2=" ">
    <subfield code="a">La procuraci&#xF3;n de la justicia en el centenario de nuestra constituci&#xF3;n</subfield>
    <subfield code="c"> / Adriana Campos L&#xF3;pez (coordinadora)</subfield>
  </datafield>
  <datafield tag="260" ind1=" " ind2=" ">
    <subfield code="a">M&#xE9;xico</subfield>
    <subfield code="b"> : Procuradur&#xED;a General de la Rep&#xFA;blica</subfield>
    <subfield code="b"> : INACIPE</subfield>
    <subfield code="c"> , 2016</subfield>
  </datafield>
  <datafield tag="300" ind1=" " ind2=" ">
    <subfield code="a">231 p&#xE1;ginas</subfield>
  </datafield>
  <datafield tag="504" ind1=" " ind2=" ">
    <subfield code="a">Incluye:
&#xCD;ndice general
Pr&#xF3;logo
Presentaci&#xF3;n
Semblanzas de autores
Notas a pie de p&#xE1;gina</subfield>
  </datafield>
  <datafield tag="519" ind1=" " ind2=" ">
    <subfield code="a">Material Complementario / </subfield>
    <subfield code="b">Derecho / </subfield>
    <subfield code="d">(20 003828, 20 003830, 20 003832, 20 003834, 20 003836)</subfield>
  </datafield>
  <datafield tag="650" ind1=" " ind2=" ">
    <subfield code="a">CONSTITUCI&#xD3;N</subfield>
    <subfield code="x">HISTORIA</subfield>
    <subfield code="z">M&#xC9;XICO</subfield>
  </datafield>
  <datafield tag="650" ind1=" " ind2=" ">
    <subfield code="a">IMPARTICI&#xD3;N DE JUSTICIA</subfield>
    <subfield code="x">HISTORIA</subfield>
    <subfield code="z">M&#xC9;XICO</subfield>
  </datafield>
  <datafield tag="650" ind1=" " ind2=" ">
    <subfield code="a">CONGRESO CONSTITUYENTE</subfield>
    <subfield code="x">CONFORMACI&#xD3;N</subfield>
    <subfield code="x">HISTORIA</subfield>
    <subfield code="z">M&#xC9;XICO</subfield>
  </datafield>
  <datafield tag="700" ind1=" " ind2=" ">
    <subfield code="a">Campos L&#xF3;pez, Adriana</subfield>
    <subfield code="e">coordinadora</subfield>
  </datafield>
  <datafield tag="942" ind1=" " ind2=" ">
    <subfield code="c">LB</subfield>
  </datafield>
</record>
